000 00750cam a2200265zu 4500
001 10155498
003 FRCYB10155498
005 20251020123123.0
006 m o d
007 cr un
008 251020s2005 fr | o|||||0|0|||fre d
020 _a9782100487240
035 _aFRCYB10155498
040 _aFR-PaCSA
_bfr
_c
_erda
100 1 _aCaseau, Yves
245 0 1 _aUrbanisation et BPM
_bLe point de vue d'un DSI
_c['Caseau, Yves']
264 1 _bDunod
_c2005
300 _a p.
336 _btxt
_2rdacontent
337 _bc
_2rdamdedia
338 _bc
_2rdacarrier
650 0 _a
700 0 _aCaseau, Yves
856 4 0 _2Cyberlibris
_uhttps://international.scholarvox.com/netsen/book/10155498
_qtext/html
_a
999 _c1553102
_d1553102